Statistics for Birds of the US - Gruiforms

Click here to take the quiz!

General Stats

  • This quiz has been taken 8 times
  • The average score is 12 of 14

Answer Stats

HintAnswer% Correct
Fulica americanaAmerican Coot
100%
Rallus crepitansClapper Rail
100%
Gallinula galeataCommon Gallinule
100%
Rallus elegansKing Rail
100%
Antigone canadensisSandhill Crane
100%
Rallus limicolaVirginia Rail
100%
Grus americanaWhooping Crane
100%
Laterallus jamaicensisBlack Rail
80%
Porphyrio martinicaPurple Gallinule
80%
Porzana carolinaSora
80%
Coturnicops novaboracensisYellow Rail
80%
Porphyrio poliocephalusGrey-headed Swamphen
60%
Rallus obsoletusRidgway’s Rail
60%
Aramus guaraunaLimpkin
40%

Score Distribution

Percentile by Number Answered

Percent of People with Each Score

Your Score History

You have not taken this quiz